El impacto de los procesos de autoevaluación en la educación superior en Colombia / (Record no. 145401)

MARC details
000 -CABECERA
campo de control de longitud fija 00677nam a2200193 u 4500
005 - FECHA Y HORA DE LA ÚLTIMA TRANSACCIÓN
campo de control 20240924065300.0
008 - ELEMENTOS DE LONGITUD FIJA--INFORMACIÓN GENERAL
campo de control de longitud fija 091019s2005 cl r 000 0 spa d
020 ## - NÚMERO INTERNACIONAL NORMALIZADO PARA LIBROS
Número Internacional Estándar del Libro 9586981665
035 ## - NÚMERO DE CONTROL DEL SISTEMA
Número de control de sistema UPN01000173297
049 ## - COLECCIÓN
Colección CG
050 #4 - SIGNATURA TOPOGRÁFICA DE LA BIBLIOTECA DEL CONGRESO
Número de clasificación LB2331.65 C7
Número de documento/Ítem I4.6
245 03 - MENCIÓN DE TÍTULO
Título El impacto de los procesos de autoevaluación en la educación superior en Colombia /
Mención de responsabilidad, etc. Pedro P. Polo Verano ... [et al.].
260 ## - PUBLICACIÓN, DISTRIBUCIÓN, ETC.
Lugar de publicación, distribución, etc. Bogotá :
Nombre del editor, distribuidor, etc. Convenio Andrés Bello,
Fecha de publicación, distribución, etc. 2005.
300 ## - DESCRIPCIÓN FÍSICA
Extensión 154 p. :
Otras características físicas cuadros
650 #4 - ASIENTO SECUNDARIO DE MATERIA - TERMINO TEMATICO
Término de materia o nombre geográfico como elemento de entrada UNIVERSIDADES Y COLEGIOS -
Subdivisión geográfica COLOMBIA -
Subdivisión de forma EVALUACION
9 (RLIN) 15813
650 #4 - ASIENTO SECUNDARIO DE MATERIA - TERMINO TEMATICO
Término de materia o nombre geográfico como elemento de entrada Educación superior
Subdivisión geográfica Colombia
9 (RLIN) 15226
700 1# - ASIENTO SECUNDARIO--NOMBRE DE PERSONAL
Nombre de persona Polo Verano, Pedro P.,
Término indicativo de función/relación coaut.
905 ## - TIPO DE MATERIAL
Tipo de material Libro
Holdings
Estado de retiro Estado de pérdida Fuente del sistema de clasificación o colocación Estado dañado No para préstamo Código de colección Localización permanente Ubicación/localización actual Ubicación en estantería Total de préstamos Clasificación Código de barras Fecha visto por última vez Número de copia Tipo de ítem Koha
    Library of Congress Classification     Colección General Bib. Gregorio Torres Quintero Bib. Gregorio Torres Quintero Planta baja 1 LB2331.65 C7 I4.6 266452 31/12/2020 1 Libro